Central Library OPAC University of Rajshahi

The mass media : reporting, writing, editing / (Record no. 917)

MARC details
000 -LEADER
fixed length control field 00953cam a2200289 a 4500
001 - CONTROL NUMBER
control field 917
003 - CONTROL NUMBER IDENTIFIER
rucl marc code BD-RjUL
005 - DATE AND TIME OF LATEST TRANSACTION
control field 20211208233239.0
008 - FIXED-LENGTH DATA ELEMENTS--GENERAL INFORMATION
fixed length control field 131124r19661964nyuac b 001 0 eng
035 ## - SYSTEM CONTROL NUMBER
System control number (BD-RjUL)939
040 ## - CATALOGING SOURCE
Original cataloging agency DLC
Transcribing agency DLC
Modifying agency DLC
-- BD-RjUL
Language of cataloging eng
041 ## - LANGUAGE CODE
Language code of text/sound track or separate title eng
082 00 - DEWEY DECIMAL CLASSIFICATION NUMBER
Classification number 302.23023
Edition number 21
Author mark and year RIM
100 1# - MAIN ENTRY--PERSONAL NAME
Personal name Rivers, William L.
9 (RLIN) 2725
245 14 - TITLE STATEMENT
Title The mass media : reporting, writing, editing /
Statement of responsibility, etc. Rivers, Wiliam L.
260 ## - PUBLICATION, DISTRIBUTION, ETC. (IMPRINT)
Place of publication, distribution, etc. New York:
Name of publisher, distributor, etc. Harper & Row,
Date of publication, distribution, etc. c1964 [Reprint 1966].
300 ## - PHYSICAL DESCRIPTION
Pagination viii, 531 p. :
Illustrations illus. ports. ;
Size 22 cm.
504 ## - BIBLIOGRAPHY, ETC. NOTE
Bibliography, etc Includes bibliographies.
650 #0 - SUBJECT ADDED ENTRY--TOPICAL TERM
Topical term or geographic name as entry element Mass media
General subdivision Vocational guidance.
9 (RLIN) 2726
Topical term or geographic name as entry element Mass media
General subdivision Authorship
-- Vocational guidance.
9 (RLIN) 2727
Topical term or geographic name as entry element Report writing
General subdivision Vocational guidance.
9 (RLIN) 2728
Topical term or geographic name as entry element Journalism
General subdivision Vocational guidance.
9 (RLIN) 2729
Topical term or geographic name as entry element Editing
General subdivision Vocational guidance.
9 (RLIN) 2730
942 ## - ADDED ENTRY ELEMENTS (KOHA)
Source of classification or shelving scheme Dewey Decimal Classification
Koha item type Books
Holdings
Lost status Source of classification or shelving scheme Damaged status Not for loan Collection code Permanent Location Current Location Shelving location Date acquired Source of acquisition Cost, normal purchase price Total Checkouts Full call number Date last seen Copy number Koha item type
  Dewey Decimal Classification     Non-fiction Central Library, University of Rajshahi Central Library, University of Rajshahi   19/01/1967 Mirza book 0.00   302.23023 RIM 1966 24/11/2013 C-2 Books
  Dewey Decimal Classification     Non-fiction Central Library, University of Rajshahi Central Library, University of Rajshahi   19/01/1967 Mirza 0.00   302.23023 RIM 1966 24/11/2013 C-4 Books
  Dewey Decimal Classification   Not For Loan Non-fiction Central Library, University of Rajshahi Central Library, University of Rajshahi Reading Room 20/03/1968 Paramount Book Corp. 18.00   302.23023 RIM 1966 25/02/2015 C-1 Books
  Dewey Decimal Classification     Non-fiction Central Library, University of Rajshahi Central Library, University of Rajshahi   20/03/1968 Paramount Book Corp. 18.00   302.23023 RIM 1966 25/02/2015 C-3 Books